عرض عادي
عرض مارك
- Motor learning
مدخل مصطلح موضوعي
001 - رقم الضبط
- حقل الضبط: 10689
003 - معرف رقم الضبط
- حقل الضبط: OSt
005 - تاريخ ووقت أخر عملية
- حقل الضبط: 20120412020238.0
008 - عناصر بيانات ثابتة الطول
- حقل تحكم ثابت الطول: 120412|||a|||||| | ||| d
040 ## - مصدر الفهرسة
- هيئة الفهرسة الأصلية: OSt
- وكالة الكتابة: OSt
150 ## - مدخل-- مصطلح تاريخي
- عنصر مدخل المصطلح الموضوعي او الاسم الجغرافي: Motor learning
- تفريع عام: Mathematical models.
670 ## - بيانات المصدر موجوده
- الاستشهاد بالمصدر: Work cat.: (OSt)0: Shadmehr, Reza. 10685, The computational neurobiology of reaching and pointing :, c2005.
